On being a muslim: (Record no. 32155)

000 -LEADER
fixed length control field 00368nam a22001451a 4500
020 ## - INTERNATIONAL STANDARD BOOK NUMBER
ISBN 9781851681464
082 ## - DEWEY DECIMAL CLASSIFICATION NUMBER
Classification number 297
Item number FAR/O
100 ## - MAIN ENTRY--AUTHOR NAME
Personal name Farid Esack
245 ## - TITLE STATEMENT
Title On being a muslim:
Sub Title finding a religious path in the world today/
Statement of responsibility, etc by Farid Esack
260 ## - PUBLICATION, DISTRIBUTION, ETC. (IMPRINT)
Place of publication Oxford:
Name of publisher Oneworld,
Year of publication 2006.
300 ## - PHYSICAL DESCRIPTION
Number of Pages 212p.
650 ## - SUBJECT ADDED ENTRY--TOPICAL TERM
Topical Term Islam
650 ## - SUBJECT ADDED ENTRY--TOPICAL TERM
Topical Term Religion
942 ## - ADDED ENTRY ELEMENTS (KOHA)
Koha item type Book
Holdings
Withdrawn status Lost status Damaged status Not for loan Permanent Location Current Location Date acquired Cost, normal purchase price Full call number Accession Number Cost, replacement price Price effective from Koha item type
        Sree Sankaracharya University of Sanskrit Sree Sankaracharya University of Sanskrit 08.01.2015 250.00 297 FAR/O 071086 0.00 08.01.2015 Book